[Event "Superbet CRO Blitz 2024"]
[Site "Zagreb CRO"]
[Date "2024.07.14"]
[Round "16.4"]
[White "Vidit, Santosh Gujrathi"]
[Black "So, Wesley"]
[Result "0-1"]
[WhiteTitle "GM"]
[BlackTitle "GM"]
[WhiteElo "2720"]
[BlackElo "2757"]
[WhiteFideId "5029465"]
[BlackFideId "5202213"]
[EventDate "2024.07.13"]

1. Nf3 d5 2. e3 Nf6 3. c4 e6 4. Nc3 Be7 5. b3 O-O 6. Bb2 c5 7. cxd5 Nxd5 8. Qc2
Nc6 9. a3 b6 10. h4 Nc7 11. Bd3 f5 12. g4 Bb7 13. Rg1 Nd4 14. Nxd4 cxd4 15. Ne2
dxe3 16. dxe3 Bf6 17. gxf5 Rc8 18. Rd1 Kh8 19. Be4 Bxe4 20. Qxe4 Qe7 21. Nd4
Rcd8 22. Ke2 Qe8 23. fxe6 Bxd4 24. e7 Qb5+ 25. Ke1 Bxb2 26. exd8=Q Bc3+ 27. Qd2
Qxb3 28. Qe7 Ne6 29. Ke2 Bxd2 30. Rxd2 Qc4+ 31. Ke1 Qc1+ 32. Rd1 Qc3+ 33. Kf1
Qc2 34. Kg2 0-1

[Event "Superbet CRO Blitz 2024"]
[Site "Zagreb CRO"]
[Date "2024.07.14"]
[Round "16.5"]
[White "Aronian, Levon"]
[Black "Giri, Anish"]
[Result "0-1"]
[WhiteTitle "GM"]
[BlackTitle "GM"]
[WhiteElo "2729"]
[BlackElo "2745"]
[WhiteFideId "13300474"]
[BlackFideId "24116068"]
[EventDate "2024.07.13"]

1. e4 c5 2. Nf3 d6 3. b4 cxb4 4. d4 Nf6 5. Bd3 g6 6. O-O Bg7 7. a3 bxa3 8. h3
O-O 9. Rxa3 Nc6 10. Re1 e5 11. d5 Ne7 12. Nc3 Bd7 13. Rb3 Qc7 14. Ba3 Nh5 15.
Qa1 Nf4 16. Reb1 b6 17. Bb5 Bxh3 18. gxh3 Nxh3+ 19. Kh2 Nxf2 20. Kg3 f5 21. Ng5
Nxe4+ 22. Ncxe4 fxe4 23. Qc3 Nf5+ 24. Kh2 Qe7 25. Ne6 e3 26. Qe1 e4 27. Bb2 Bxb2
28. R1xb2 Qf6 29. c3 Qe5+ 30. Kg1 Rf6 31. Ra3 Qxd5 32. Nc7 Qc5 33. Nxa8 Qxa3 34.
Bc4+ Kf8 35. Rb4 Qa5 36. Nc7 Qe5 37. Nd5 Rf7 38. Rb2 Kg7 39. Rg2 b5 40. Bb3 Rb7
41. Nxe3 Qc5 42. Re2 d5 43. Kh1 Nxe3 44. Rxe3 a5 45. Qd2 Rd7 46. Rh3 a4 47. Qh6+
Kg8 48. Ba2 Qc6 49. Qg5 Qe6 50. Rh5 Kg7 51. Bxd5 Qd6 52. Qh6+ Kh8 53. Qg5 e3 54.
Qxe3 gxh5 55. Qd4+ Rg7 56. Qe4 Qf8 57. Qe2 a3 58. Qe5 Qf1+ 59. Kh2 Qg1+ 60. Kh3
Qg4+ 0-1

[Event "Superbet CRO Blitz 2024"]
[Site "Zagreb CRO"]
[Date "2024.07.14"]
[Round "17.1"]
[White "So, Wesley"]
[Black "Saric, Ivan"]
[Result "1-0"]
[WhiteTitle "GM"]
[BlackTitle "GM"]
[WhiteElo "2757"]
[BlackElo "2690"]
[WhiteFideId "5202213"]
[BlackFideId "14508150"]
[EventDate "2024.07.13"]

1. e4 c5 2. Nf3 d6 3. Bc4 Nf6 4. d3 Nc6 5. O-O a6 6. a4 Bg4 7. Nbd2 e6 8. Re1
Be7 9. h3 Bh5 10. Bb3 d5 11. c3 O-O 12. Qe2 b5 13. Bc2 Qb6 14. g4 Bg6 15. Nh4
dxe4 16. dxe4 c4 17. Ndf3 Nd7 18. Nxg6 hxg6 19. e5 Nc5 20. Be3 Qc7 21. Bf4 Rad8
22. axb5 axb5 23. Red1 Rxd1+ 24. Rxd1 Rd8 25. h4 Rxd1+ 26. Qxd1 Qd8 27. Qxd8+
Bxd8 28. Be3 Nd7 29. Nd4 Ndxe5 30. Be4 Nxd4 31. Bxd4 Nd3 32. b4 Bxh4 33. Bc6 Be7
34. Bxb5 Nxb4 35. cxb4 Bxb4 36. Bxc4 Bd6 37. Kg2 Kf8 38. Kf3 Bb4 39. Ke2 Bd6 40.
Bb3 Bb4 41. Kd3 Bd6 42. Kc4 Bc7 43. Kb5 Bf4 44. Kc6 Bg5 45. Kd7 Bh4 46. Bc5+ Kg8
47. Ke8 Bg5 48. Be3 Bh4 49. g5 1-0

[Event "Superbet CRO Blitz 2024"]
[Site "Zagreb CRO"]
[Date "2024.07.14"]
[Round "17.2"]
[White "Giri, Anish"]
[Black "Caruana, Fabiano"]
[Result "0-1"]
[WhiteTitle "GM"]
[BlackTitle "GM"]
[WhiteElo "2745"]
[BlackElo "2796"]
[WhiteFideId "24116068"]
[BlackFideId "2020009"]
[EventDate "2024.07.13"]

1. Nf3 Nf6 2. c4 g6 3. Nc3 d6 4. g3 Bg7 5. Bg2 O-O 6. O-O c6 7. d4 Bf5 8. Ne1 e5
9. d5 cxd5 10. Nxd5 Nc6 11. Bg5 Be6 12. Nc2 Bxd5 13. Bxd5 Qb6 14. Bxf6 Bxf6 15.
Rb1 Ne7 16. Bg2 Nf5 17. Qd3 h5 18. Be4 Ne7 19. Ne3 Kg7 20. h4 a5 21. a3 a4 22.
b4 axb3 23. Rxb3 Qc5 24. Bxb7 Ra7 25. Be4 Rd8 26. Rd1 Ra4 27. Kg2 Rd7 28. Qc3
Rda7 29. Qd3 Nc8 30. Ra1 Nb6 31. Rb4 Qd4 32. Rxa4 Rxa4 33. Rb1 Ra7 34. Qxd4 exd4
35. Rxb6 dxe3 36. f4 Rxa3 37. Rxd6 Be7 38. Rd7 Kf8 39. Bd5 Rc3 40. Kf3 Rc1 41.
Rc7 Rc3 42. Ke4 Rc1 43. Kxe3 Rc3+ 44. Kf2 f5 45. Bf3 Bf6 46. Ke1 Bd4 47. Kd2 Ra3
48. c5 Bf2 49. c6 Bxg3 50. Rd7 Bxf4+ 51. Kc2 Ra5 52. Kd3 Rc5 53. Kd4 Rc1 54. Bd5
Bg3 55. e3 Ke8 56. Bf7+ Kf8 57. Bxg6 Rxc6 58. Bxf5 Bxh4 59. Rh7 Bf6+ 60. Kd5 Ra6
61. Rxh5 Ra5+ 62. Ke4 Ra4+ 63. Kf3 Ra5 64. Kf4 Ra4+ 65. e4 Ra5 66. Rh7 Ra1 67.
Rb7 Rf1+ 68. Ke3 Re1+ 69. Kd3 Rd1+ 70. Kc4 Be5 71. Bg6 Rd6 72. Bf5 Rd1 73. Rh7
Rd2 74. Kc5 Rd1 75. Be6 Bg7 76. Bd5 Ra1 77. Kd6 Ra6+ 78. Bc6 Ra5 79. Rh3 Bf6 80.
Rf3 Kg7 81. Bd5 Ra6+ 82. Kd7 Ra7+ 83. Ke6 Ra6+ 84. Kf5 Bd4 85. e5 Rh6 86. Rg3+
Kf8 87. Rg8+ Ke7 88. Rg5 Ba1 89. Bc4 Rh4 90. Bd5 Rh7 91. Bg8 Rh1 92. Bc4 Rh7 93.
Bd5 Bb2 94. Kf4 Rh4+ 95. Kf5 Rh7 96. e6 Bf6 97. Kg6 Rg7+ 98. Kh6 Rxg5 0-1

[Event "Superbet CRO Blitz 2024"]
[Site "Zagreb CRO"]
[Date "2024.07.14"]
[Round "17.3"]
[White "Vachier-Lagrave, Maxime"]
[Black "Gukesh, D"]
[Result "1-0"]
[WhiteTitle "GM"]
[BlackTitle "GM"]
[WhiteElo "2718"]
[BlackElo "2763"]
[WhiteFideId "623539"]
[BlackFideId "46616543"]
[EventDate "2024.07.13"]

1. e4 e5 2. Nf3 Nc6 3. Bb5 a6 4. Ba4 Nge7 5. c3 Ng6 6. d4 exd4 7. cxd4 Bb4+ 8.
Nc3 d5 9. O-O dxe4 10. Nxe4 O-O 11. d5 Nce7 12. Bb3 h6 13. a3 Bd6 14. Re1 Nf5
15. Bd2 Bf4 16. Rc1 Nd6 17. Bxf4 Nxf4 18. Qd2 Nh5 19. Qc3 Bf5 20. Ng3 Nxg3 21.
hxg3 Rc8 22. Re3 Re8 23. Rce1 Rxe3 24. Rxe3 Qf6 25. Qxf6 gxf6 26. Nd4 Bd7 27.
Rc3 Kf8 28. f3 Ke7 29. Kf2 Nb5 30. Re3+ Kd6 31. Ne2 Re8 32. a4 Na7 33. Rc3 b5
34. axb5 Nxb5 35. Rc4 c5 36. dxc6 Bxc6 37. Rh4 Bd5 38. Bxd5 Kxd5 39. Rxh6 Nd6
40. Nf4+ Ke5 41. Rh1 Rb8 42. Re1+ Kf5 43. Rd1 Rxb2+ 44. Kg1 Nc4 45. Rd5+ Ne5 46.
Ra5 Rb6 47. Kf2 Kg5 48. Nd3 Rb5 49. Rxb5 axb5 50. f4+ Kf5 51. fxe5 fxe5 52. Nc5
b4 53. Kf3 f6 54. g4+ Kg6 55. Kf2 f5 56. gxf5+ Kxf5 57. Kf3 Kg5 58. Ne4+ Kh4 59.
Nd2 b3 60. Nxb3 e4+ 61. Kf4 1-0

[Event "Superbet CRO Blitz 2024"]
[Site "Zagreb CRO"]
[Date "2024.07.14"]
[Round "17.4"]
[White "Aronian, Levon"]
[Black "Nepomniachtchi, Ian"]
[Result "1/2-1/2"]
[WhiteTitle "GM"]
[BlackTitle "GM"]
[WhiteElo "2729"]
[BlackElo "2770"]
[WhiteFideId "13300474"]
[BlackFideId "4168119"]
[EventDate "2024.07.13"]

1. e4 c5 2. Nf3 d6 3. c3 Nf6 4. Be2 e5 5. O-O Be7 6. d3 O-O 7. Nbd2 Nc6 8. a3 b5
9. d4 exd4 10. cxd4 cxd4 11. Bxb5 Bb7 12. Bxc6 Bxc6 13. Nxd4 Bb7 14. Re1 Re8 15.
f3 Bf8 16. N2b3 Qb6 17. Kh1 Rac8 18. Bd2 Nd7 19. Ba5 Qa6 20. Bc3 d5 21. exd5
Bxd5 22. Qd2 Ne5 23. Rad1 Qg6 24. Na5 Ba8 25. Qc2 Qa6 26. Nab3 Rcd8 27. Bb4 Rc8
28. Qe2 Qxe2 29. Rxe2 Bxb4 30. axb4 f6 31. Kg1 Rb8 32. b5 Bd5 33. Na5 Red8 34.
Red2 Nc4 35. Nxc4 Bxc4 36. Nf5 Rxd2 37. Rxd2 Bxb5 38. h4 h5 39. Kh2 Be8 40. Kg3
Kh7 41. Nd6 Bg6 42. Nc4 Rb4 43. Ne3 a5 44. Nd5 Rb5 45. Nc3 Rb7 46. Rd5 Rxb2 47.
Rxa5 Rc2 48. Nd1 Rd2 49. Ne3 Re2 50. Nd1 Rd2 51. Ne3 Re2 52. Nd1 Rd2 1/2-1/2

[Event "Superbet CRO Blitz 2024"]
[Site "Zagreb CRO"]
[Date "2024.07.14"]
[Round "17.5"]
[White "Firouzja, Alireza"]
[Black "Vidit, Santosh Gujrathi"]
[Result "1-0"]
[WhiteTitle "GM"]
[BlackTitle "GM"]
[WhiteElo "2744"]
[BlackElo "2720"]
[WhiteFideId "12573981"]
[BlackFideId "5029465"]
[EventDate "2024.07.13"]

1. e4 e5 2. Nf3 Nc6 3. Bc4 Bc5 4. d3 Nf6 5. c3 d6 6. Bg5 h6 7. Bh4 a6 8. Nbd2
Ba7 9. O-O O-O 10. b4 g5 11. Bg3 Ne7 12. d4 Ng6 13. dxe5 Nh5 14. exd6 Nxg3 15.
hxg3 Qxd6 16. Nd4 Bxd4 17. cxd4 Qxd4 18. Rc1 Kg7 19. Bb3 c6 20. Nc4 Rd8 21. Qf3
Be6 22. Rcd1 Qf6 23. Qxf6+ Kxf6 24. Nd6 Rab8 25. f4 gxf4 26. gxf4 Ke7 27. e5 h5
28. Rd4 Rg8 29. Kh2 b6 30. f5 Bxb3 31. fxg6 Bd5 32. g7 Ke6 33. Nf5 Kxe5 34. Rh4
Be6 35. Ne7 Kd6 36. Nxg8 Rxg8 37. Rxh5 Rxg7 38. Rf2 Rg4 39. Rd2+ Bd5 40. a3 Rc4
41. Rf5 Ke6 42. Rdf2 Ke7 43. Re2+ Be6 44. Rf3 c5 45. bxc5 Rxc5 46. Kg3 b5 47.
Rd2 a5 48. Rb2 Bc4 49. Re3+ Kf6 50. Kf2 Rd5 51. Rc2 a4 52. Kg3 Kg6 53. Rf2 Kg7
54. Rf4 Rd2 55. Kh3 Be6+ 56. g4 Bc4 57. Kh4 Rd6 58. Kg3 Rd2 59. Rf5 Rb2 60. Rg5+
Kf8 61. Rc5 Kg7 62. Kf4 Rf2+ 63. Rf3 Re2 64. g5 Re1 65. Rg3 Rf1+ 66. Ke5 Re1+
67. Kd6 Re6+ 68. Kc7 Re7+ 69. Kb6 Re6+ 70. Rc6 Re7 71. g6 fxg6 72. Rcxg6+ Kf8
73. Rc6 Ke8 74. Rh3 Rf7 75. Re3+ Kd8 76. Rd6+ Rd7 77. Rh6 Rf7 78. Re4 Kd7 79.
Re1 Rg7 80. Re5 Rf7 81. Kc5 Kc7 82. Kb4 Kb7 83. Ka5 Kc7 84. Rc5+ Kd7 85. Kb6 Ke7
86. Rhc6 Kf8 87. Rg5 Re7 88. Rf5+ Kg7 89. Rf3 Rf7 90. Re3 Rf6 91. Kc5 Rxc6+ 92.
Kxc6 Kf6 93. Kc5 Kf7 94. Kd6 Bb3 95. Re4 Bc4 96. Re5 Kf6 97. Rc5 Be2 98. Rc2 Bc4
99. Rf2+ Kg5 100. Ke5 Kg4 101. Rf4+ Kg3 102. Ke4 Bd5+ 103. Ke3 Bc4 104. Rd4 Bb3
105. Rf4 Bc4 106. Re4 Bb3 107. Re5 Bc4 108. Rg5+ Kh4 109. Kf4 Kh3 110. Kf3 Kh4
111. Rc5 Bd3 112. Ke3 Bc4 113. Kf4 Kh3 114. Rg5 Kh4 115. Rg4+ Kh5 116. Rg1 Bd3
117. Rg5+ Kh4 118. Rg7 Kh5 119. Ke5 Bc4 120. Kd4 Kh6 121. Rg1 Kh5 122. Kc5 Kh6
123. Kb4 Kh5 124. Rg2 Kh4 125. Rg7 Kh5 126. Kc5 Kh6 127. Rg1 Kh5 128. Kd4 Kh4
129. Ke4 Kh5 130. Kf5 Kh4 131. Rg5 Bd3+ 132. Kf4 Bc4 133. Re5 Kh3 134. Kf3 Kh4
135. Rc5 Bd3 136. Kf4 Bc4 137. Rc6 Kh3 138. Rg6 Bf1 139. Rg4 Bc4 140. Rg7 Kh2
141. Kf3 Bf1 142. Rg3 Bc4 143. Kf2 Bb3 144. Rg5 Kh3 145. Rxb5 Kg4 146. Ke3 Bd1
147. Rd5 Bb3 148. Re5 Bc2 149. Rc5 Bb3 150. Ke4 Kg3 151. Rc3+ Kg4 152. Rc7 Kg3
153. Rg7+ Kf2 154. Kd3 Kf3 155. Re7 Kf4 156. Kd4 Kf5 157. Re5+ Kf4 158. Re1 Kf5
159. Re7 Kf4 160. Re8 Kf5 161. Re1 Bc2 162. Kc3 Bb3 163. Kb4 Kf6 164. Kc5 Kf5
165. Kd6 Kf4 166. Re5 Bc2 167. Kd5 Bb3+ 168. Kd4 Bc2 169. Re2 Bb3 170. Rf2+ Kg4
171. Rf8 Kg5 172. Kc3 Kg6 173. Kb4 Kg5 174. Kb5 Kg6 175. Rf4 Kg5 176. Rxa4 Bxa4+
177. Kxa4 Kf6 178. Kb5 Ke7 179. Kc6 Kd8 180. Kb7 1-0

[Event "Superbet CRO Blitz 2024"]
[Site "Zagreb CRO"]
[Date "2024.07.14"]
[Round "18.1"]
[White "Vidit, Santosh Gujrathi"]
[Black "Vachier-Lagrave, Maxime"]
[Result "1/2-1/2"]
[WhiteTitle "GM"]
[BlackTitle "GM"]
[WhiteElo "2720"]
[BlackElo "2718"]
[WhiteFideId "5029465"]
[BlackFideId "623539"]
[EventDate "2024.07.13"]

1. d4 Nf6 2. c4 g6 3. g3 c6 4. Bg2 d5 5. Nf3 Bg7 6. cxd5 cxd5 7. Ne5 O-O 8. Nc3
Nc6 9. O-O Bf5 10. Nxc6 bxc6 11. Bf4 Nh5 12. Be3 c5 13. Rc1 Rb8 14. Na4 c4 15.
b3 cxb3 16. axb3 Nf6 17. Nc5 Ne4 18. h3 h5 19. Bf4 Rb5 20. Nxe4 dxe4 21. e3 Qb6
22. Rc3 Be6 23. Bxe4 Bxh3 24. Re1 Bf5 25. Bg2 e5 26. Bxe5 Bxe5 27. dxe5 Rd8 28.
Qa1 Ra5 29. Qb2 Rxe5 30. Rc6 Qb4 31. Qc3 Qxc3 32. Rxc3 Rb5 33. Ra1 Be6 34. Rxa7
Rd1+ 35. Kh2 Rd2 36. Kg1 Rd1+ 37. Kh2 Rd2 38. Kg1 Rd1+ 1/2-1/2

[Event "Superbet CRO Blitz 2024"]
[Site "Zagreb CRO"]
[Date "2024.07.14"]
[Round "18.2"]
[White "Nepomniachtchi, Ian"]
[Black "So, Wesley"]
[Result "1/2-1/2"]
[WhiteTitle "GM"]
[BlackTitle "GM"]
[WhiteElo "2770"]
[BlackElo "2757"]
[WhiteFideId "4168119"]
[BlackFideId "5202213"]
[EventDate "2024.07.13"]

1. e4 e5 2. Nf3 Nc6 3. Bb5 Nf6 4. d3 Bc5 5. Bxc6 dxc6 6. O-O Qe7 7. Nbd2 a5 8.
Nc4 Nd7 9. Be3 f6 10. c3 O-O 11. Re1 b6 12. d4 Bd6 13. Qb3 a4 14. Qc2 Qf7 15.
Nfd2 Be7 16. b3 axb3 17. axb3 Bb7 18. Nf3 exd4 19. cxd4 c5 20. d5 f5 21. Rxa8
Rxa8 22. Nfe5 Nxe5 23. Nxe5 Qf6 24. Nc6 fxe4 25. Qxe4 Bd6 26. h4 h6 27. Bd2 Rf8
28. Re2 Ba6 29. Qe6+ Qxe6 30. Rxe6 Bd3 31. Bc3 Bc2 32. b4 Bb3 33. bxc5 Bxc5 34.
Re2 Bxd5 35. Ne7+ Bxe7 36. Rxe7 Rf7 37. Rxf7 Kxf7 38. Be5 c5 39. Bc7 b5 40. Bd6
c4 41. Bb4 Ke6 42. f3 g6 43. Kf2 Bb7 44. Ke3 Kd5 45. Bf8 h5 46. Bb4 Bc8 47. Kd2
Bf5 48. Kc3 Bd3 49. Be7 Be2 50. Bd8 Kd6 51. Kb4 Kc6 52. Kc3 Bf1 53. g4 Be2 54.
gxh5 gxh5 55. f4 Bg4 56. Bg5 Bf5 57. Kb4 Be6 58. Kc3 Kc5 59. Be7+ Kd5 60. Bg5
Bf5 61. Be7 Ke4 62. Bg5 Be6 63. Bh6 Bd7 64. Bg5 Bc8 65. Bh6 Bd7 66. Bg5 Bc8 1/2-1/2

[Event "Superbet CRO Blitz 2024"]
[Site "Zagreb CRO"]
[Date "2024.07.14"]
[Round "18.3"]
[White "Caruana, Fabiano"]
[Black "Aronian, Levon"]
[Result "1-0"]
[WhiteTitle "GM"]
[BlackTitle "GM"]
[WhiteElo "2796"]
[BlackElo "2729"]
[WhiteFideId "2020009"]
[BlackFideId "13300474"]
[EventDate "2024.07.13"]

1. d4 Nf6 2. c4 e6 3. g3 c5 4. d5 exd5 5. cxd5 d6 6. Nc3 g6 7. Bg2 Bg7 8. Nf3
O-O 9. O-O Re8 10. Bf4 Bf5 11. Nh4 Bc8 12. Re1 Ng4 13. Nf3 Nd7 14. Bg5 Qb6 15.
Qc1 Nde5 16. h3 Nxf3+ 17. exf3 Rxe1+ 18. Qxe1 Nf6 19. Qe7 Nd7 20. Qe8+ Nf8 21.
Re1 Qxb2 22. Ne4 Qd4 23. Nxd6 Qxd5 24. Nxc8 Rxc8 25. Qxc8 Qxg5 26. f4 Qh5 27.
Qxb7 Bd4 28. Bd5 Qf5 29. Kg2 h5 30. h4 a5 31. a4 Kg7 32. Bc4 Kh6 33. Qxf7 Qxf7
34. Bxf7 Nd7 35. Re6 Kg7 36. Be8 Nf6 37. Bb5 Ng4 38. Bd3 Nxf2 39. Bxg6 Nd1 40.
Bxh5 Nb2 41. Rg6+ Kh8 42. Ra6 Bc3 43. Bg6 Nxa4 44. h5 Kg7 45. Bc2 Nb2 46. h6+
Kf7 47. h7 Nc4 48. Bd3 Ne3+ 49. Kf3 Bd4 50. h8=Q 1-0

[Event "Superbet CRO Blitz 2024"]
[Site "Zagreb CRO"]
[Date "2024.07.14"]
[Round "18.4"]
[White "Saric, Ivan"]
[Black "Firouzja, Alireza"]
[Result "0-1"]
[WhiteTitle "GM"]
[BlackTitle "GM"]
[WhiteElo "2690"]
[BlackElo "2744"]
[WhiteFideId "14508150"]
[BlackFideId "12573981"]
[EventDate "2024.07.13"]

1. e4 c5 2. Nf3 d6 3. Bb5+ Nd7 4. Ba4 Nf6 5. O-O a6 6. c4 e6 7. Nc3 Be7 8. d4
cxd4 9. Qxd4 O-O 10. Bg5 Qc7 11. Bxd7 Bxd7 12. Rad1 Rfd8 13. Rfe1 Rac8 14. e5
dxe5 15. Nxe5 Ba4 16. Nxa4 Rxd4 17. Rxd4 Qa5 18. Nc3 Bb4 19. Bd2 Rd8 20. Rxd8+
Qxd8 21. Nf3 Qd3 22. a3 Bxc3 23. Bxc3 Qxc4 24. Rc1 h6 25. Bd2 Qb3 26. Bc3 Nd5
27. Bd4 f6 28. Nd2 Qd3 29. Nf3 e5 30. Ba7 Qb3 31. h4 Qxb2 32. Rc8+ Kh7 33. h5
Qb1+ 34. Kh2 Qf5 35. Rd8 Qxh5+ 36. Kg1 Nf4 37. Be3 Nxg2 38. Kxg2 Qg4+ 0-1

[Event "Superbet CRO Blitz 2024"]
[Site "Zagreb CRO"]
[Date "2024.07.14"]
[Round "18.5"]
[White "Gukesh, D"]
[Black "Giri, Anish"]
[Result "1/2-1/2"]
[WhiteTitle "GM"]
[BlackTitle "GM"]
[WhiteElo "2763"]
[BlackElo "2745"]
[WhiteFideId "46616543"]
[BlackFideId "24116068"]
[EventDate "2024.07.13"]

1. d4 d5 2. c4 c6 3. cxd5 cxd5 4. Nf3 Nf6 5. Nc3 Nc6 6. Bf4 Nh5 7. Bd2 e6 8. e3
Be7 9. Bd3 O-O 10. O-O f5 11. Ne5 Nf6 12. Nxc6 bxc6 13. Rc1 Bd6 14. f4 a5 15.
Na4 Ba6 16. Bxa6 Rxa6 17. Qe2 Qa8 18. Rc2 Ne4 19. Nc3 Nxd2 20. Qxd2 a4 21. Ne2
Rc8 22. Rfc1 Qb7 23. Nc3 h6 24. Nd1 Qb5 25. Qe2 Qxe2 26. Rxe2 c5 27. dxc5 Rxc5
28. Rxc5 Bxc5 29. Rc2 Be7 30. Kf2 Bf6 31. Ke2 Rb6 32. Kd2 d4 33. exd4 Rb4 34.
Nf2 Rxd4+ 35. Nd3 g5 36. g3 Rd6 37. b3 axb3 38. axb3 Bd4 39. b4 Bg1 40. h4 g4
41. b5 Rd5 42. Rc6 Rxb5 43. Rxe6 Bh2 44. Rxh6 Bxg3 45. h5 Rd5 46. Ke2 Bh2 47.
Re6 Kh7 48. Re5 Rxe5+ 49. fxe5 Kh6 50. e6 Bd6 51. Nf4 Kg5 52. Nd5 Kxh5 53. e7
Bxe7 54. Nxe7 f4 55. Nd5 Kg5 56. Nxf4 Kxf4 57. Kf2 g3+ 58. Kg2 Kg4 59. Kg1 Kf3
60. Kf1 g2+ 61. Kg1 Kg3 1/2-1/2